<?xml version="1.0" encoding="UTF-8"?>
<record
    xmlns:xsi="http://www.w3.org/2001/XMLSchema-instance"
    xsi:schemaLocation="http://www.loc.gov/MARC21/slim http://www.loc.gov/standards/marcxml/schema/MARC21slim.xsd"
    xmlns="http://www.loc.gov/MARC21/slim">

  <leader>01463nam a22003017a 4500</leader>
  <datafield tag="999" ind1=" " ind2=" ">
    <subfield code="c">21910</subfield>
    <subfield code="d">21910</subfield>
  </datafield>
  <controlfield tag="003">AR-CdUCM</controlfield>
  <controlfield tag="008">190425b           ||||| |||| 00| 0 spa d</controlfield>
  <datafield tag="040" ind1=" " ind2=" ">
    <subfield code="a">MUNICIPALIDAD PROVINCIAL DEL CUSCO</subfield>
    <subfield code="c">BIBLIOTECA MUNICIPAL DEL CUSCO</subfield>
  </datafield>
  <datafield tag="082" ind1=" " ind2=" ">
    <subfield code="a">Rev.MA/N&#xB0;5/2000</subfield>
  </datafield>
  <datafield tag="110" ind1=" " ind2=" ">
    <subfield code="a">Universidad Nacional De San Antonio Abad del Cusco</subfield>
    <subfield code="9">15942</subfield>
  </datafield>
  <datafield tag="245" ind1=" " ind2=" ">
    <subfield code="a">Maestros Antonianos III /</subfield>
    <subfield code="c">Universidad Nacional de San Antonio Abad del Cusco</subfield>
  </datafield>
  <datafield tag="260" ind1=" " ind2=" ">
    <subfield code="a">Cusco :</subfield>
    <subfield code="b">UNSAAC,</subfield>
    <subfield code="c">2000.</subfield>
  </datafield>
  <datafield tag="300" ind1=" " ind2=" ">
    <subfield code="a">242 p&#xE1;ginas. :</subfield>
    <subfield code="c">25 cm.</subfield>
  </datafield>
  <datafield tag="440" ind1=" " ind2=" ">
    <subfield code="a">Ediciones Especiales UNSAAC</subfield>
    <subfield code="n">Siglo XX. N&#xB0;5</subfield>
    <subfield code="9">46798</subfield>
  </datafield>
  <datafield tag="505" ind1=" " ind2=" ">
    <subfield code="a">Contenido: Carlos Ferdinand Cuadros y Villena. El arriendo y la reforma agraria en la provincia de La Convenci&#xF3;n. -- Hugo H. Fl&#xF3;rez Ugarte. L&#xF3;gica y metodolog&#xED;a. -- John H. Rowe. Un memorial del gobierno de los Incas del a&#xF1;o 1551. -- Carlos N&#xFA;&#xF1;ez Anavitarte. La sociedad humana en el pensamiento social. -- Oscar N&#xFA;&#xF1;ez del Prado Castro. Kuyo Chico un caso de antropolog&#xED;a social aplicada.</subfield>
  </datafield>
  <datafield tag="650" ind1=" " ind2=" ">
    <subfield code="a">Intelectuales cusque&#xF1;os</subfield>
    <subfield code="9">46142</subfield>
  </datafield>
  <datafield tag="650" ind1=" " ind2=" ">
    <subfield code="a">Cient&#xED;ficos cusque&#xF1;os</subfield>
    <subfield code="9">46795</subfield>
  </datafield>
  <datafield tag="650" ind1=" " ind2=" ">
    <subfield code="a">Antropolog&#xED;a cusque&#xF1;a</subfield>
    <subfield code="9">45862</subfield>
  </datafield>
  <datafield tag="650" ind1=" " ind2=" ">
    <subfield code="a">Inkas</subfield>
    <subfield code="9">1899</subfield>
  </datafield>
  <datafield tag="650" ind1=" " ind2=" ">
    <subfield code="a">Reforma Agraria</subfield>
    <subfield code="9">1861</subfield>
  </datafield>
  <datafield tag="700" ind1=" " ind2=" ">
    <subfield code="a">Cuadros y Villena, Carlos Ferdinad</subfield>
    <subfield code="9">46799</subfield>
  </datafield>
  <datafield tag="700" ind1=" " ind2=" ">
    <subfield code="a">Fl&#xF3;rez Ugarte, Hugo H</subfield>
    <subfield code="9">32236</subfield>
  </datafield>
  <datafield tag="700" ind1=" " ind2=" ">
    <subfield code="a">N&#xFA;&#xF1;ez Anavitarte, Carlos</subfield>
    <subfield code="9">7771</subfield>
  </datafield>
  <datafield tag="700" ind1=" " ind2=" ">
    <subfield code="a">N&#xFA;&#xF1;ez del Prado, Oscar</subfield>
    <subfield code="9">5531</subfield>
  </datafield>
  <datafield tag="700" ind1=" " ind2=" ">
    <subfield code="a">Rowe, John H</subfield>
    <subfield code="9">31394</subfield>
  </datafield>
  <datafield tag="942" ind1=" " ind2=" ">
    <subfield code="2">ddc</subfield>
    <subfield code="c">PP</subfield>
  </datafield>
  <datafield tag="945" ind1=" " ind2=" ">
    <subfield code="a">rac</subfield>
  </datafield>
  <datafield tag="952" ind1=" " ind2=" ">
    <subfield code="0">0</subfield>
    <subfield code="2">ddc</subfield>
    <subfield code="4">0</subfield>
    <subfield code="7">0</subfield>
    <subfield code="a">HEM</subfield>
    <subfield code="b">HEM</subfield>
    <subfield code="c">CART</subfield>
    <subfield code="d">2021-10-15</subfield>
    <subfield code="g">10.00</subfield>
    <subfield code="o">Rev.MA/N&#xB0;5/2000</subfield>
    <subfield code="p">REVC000428</subfield>
    <subfield code="r">2021-10-15</subfield>
    <subfield code="y">PP</subfield>
  </datafield>
  <datafield tag="952" ind1=" " ind2=" ">
    <subfield code="0">0</subfield>
    <subfield code="2">ddc</subfield>
    <subfield code="4">0</subfield>
    <subfield code="7">0</subfield>
    <subfield code="a">HEM</subfield>
    <subfield code="b">HEM</subfield>
    <subfield code="c">CART</subfield>
    <subfield code="d">2021-10-15</subfield>
    <subfield code="g">10.00</subfield>
    <subfield code="o">Rev.MA/N&#xB0;5/2000/e.2</subfield>
    <subfield code="p">REVC000429</subfield>
    <subfield code="r">2021-10-15</subfield>
    <subfield code="y">PP</subfield>
  </datafield>
  <datafield tag="952" ind1=" " ind2=" ">
    <subfield code="0">0</subfield>
    <subfield code="2">ddc</subfield>
    <subfield code="4">0</subfield>
    <subfield code="7">0</subfield>
    <subfield code="a">HEM</subfield>
    <subfield code="b">HEM</subfield>
    <subfield code="c">CART</subfield>
    <subfield code="d">2021-10-15</subfield>
    <subfield code="g">10.00</subfield>
    <subfield code="o">Rev.MA/N&#xB0;5/2000/e.3</subfield>
    <subfield code="p">REVC000430</subfield>
    <subfield code="r">2021-10-15</subfield>
    <subfield code="y">PP</subfield>
  </datafield>
</record>
